000 01208nam a2200301 a 4500
001 000007851
003 DO-SdBNP
005 20230725133152.0
008 090911s1977 dr 001 0 spa d
040 _aDO-SdBNP
_bspa
_cBPMSU
049 _aBNPD
082 _a658.4
_bD542a 1977
_222
100 1 _aDíaz Sentel, Milcíades
245 1 3 _aLa administración de empresas como profesión en República Dominicana /
_cMicíades Díaz Santil, Plácido Piña Ortega ; presentación; Francisco A. de Moya Espinal.
260 _aSanto Domingo :
_bUASD,
_c1977
_f
300 _a287 p. ;
_c23 cm.
490 0 _aPublicaciones de la Universidad Autónoma de Santo Domingo ;
_aCiencia y tecnología,
_v6/236
500 _aIncluye datos biográficos del los autores en la contracubierta
500 _aIncluye referencias bibliográficas y notas al pie de las páginas
504 _aIncluye bibliografía (p. 277 -279)
590 _6Inventariado, 2023/VM
650 4 _aAdministración de empresas
650 4 _aAdministración
_xPráctica profesional
700 1 _aPiña Ortega, Plácido
700 1 _aMoya Espinal, Francisco A. de
910 _aVMateo V. Control de calidad. BPMSU
942 _2ddc
_cBK
999 _c14450
_d14450